|
|
|
|
| LEADER |
03145nam a2200721 i 4500 |
| 001 |
nkc20233526438 |
| 003 |
CZ PrNK |
| 005 |
20250921154238.0 |
| 007 |
ta |
| 008 |
230622s2023 xr ach e 000 0dcze |
| 015 |
|
|
|a cnb003526438
|
| 020 |
|
|
|a 978-80-88481-06-5
|q (Oblastní muzeum v Děčíně ;
|q brožováno) :
|c Kč 250,00
|
| 020 |
|
|
|a 978-80-88215-81-3
|q (Marek Přikryl - Mare-Czech ;
|q brožováno) :
|c Kč 250,00
|
| 035 |
|
|
|a (OCoLC)1393198194
|
| 040 |
|
|
|a OLA001
|b cze
|e rda
|
| 043 |
|
|
|a e-xr---
|
| 045 |
|
|
|a p-x-
|
| 072 |
|
7 |
|a 91
|x Geografie jako věda. Výzkum. Cestování
|2 Konspekt
|9 7
|
| 080 |
|
|
|a 910.3/.4-051
|2 MRF
|
| 080 |
|
|
|a 656.61-051
|2 MRF
|
| 080 |
|
|
|a 910.3/.4
|2 MRF
|
| 080 |
|
|
|a 656.61
|2 MRF
|
| 080 |
|
|
|a 910.3/.4(091)
|2 MRF
|
| 080 |
|
|
|a (437.3)
|2 MRF
|
| 080 |
|
|
|a (082)
|2 MRF
|
| 100 |
1 |
|
|a Bělota, Alois
|7 xx0280293
|4 aut
|4 com
|
| 245 |
1 |
0 |
|a Námořníci českých zemí /
|c Alois Bělota, Vlastimil Pažourek, Michael Pešťák, Roman Košák, Boleslav Trojan, Martin Slavík, Josef Stahl, Michal Plavec, Josef Holub, Tomáš Ostruzska, Lenka Krátká ; sestavil Alois Bělota
|
| 264 |
|
1 |
|a Děčín :
|b Oblastní muzeum v Děčíně ;
|a Praha :
|b Mare-Czech,
|c 2023
|
| 300 |
|
|
|a 127 stran :
|b ilustrace (některé barevné), portréty, faksimile ;
|c 22 cm
|
| 336 |
|
|
|a text
|b txt
|2 rdacontent
|
| 337 |
|
|
|a bez média
|b n
|2 rdamedia
|
| 338 |
|
|
|a svazek
|b nc
|2 rdacarrier
|
| 490 |
1 |
|
|a Lodě v české minulosti ;
|v svazek 65.
|
| 504 |
|
|
|a Obsahuje bibliografii a bibliografické odkazy
|
| 648 |
|
7 |
|a 12.-20. století
|7 ch757071
|2 czenas
|
| 650 |
0 |
7 |
|a mořeplavci
|7 ph123017
|z Česko
|y 12.-20. století
|2 czenas
|
| 650 |
0 |
7 |
|a námořníci
|7 ph123418
|z Česko
|y 12.-20. století
|2 czenas
|
| 650 |
0 |
7 |
|a mořeplavectví
|7 ph115370
|y 12.-20. století
|2 czenas
|
| 650 |
0 |
7 |
|a námořní doprava
|7 ph115499
|y 12.-20. století
|2 czenas
|
| 650 |
0 |
7 |
|a dějiny mořeplavectví
|7 ph488986
|z Česko
|y 12.-20. století
|2 czenas
|
| 650 |
0 |
9 |
|a navigators
|z Czechia
|y 12th-20th centuries
|2 eczenas
|
| 650 |
0 |
9 |
|a sailors
|z Czechia
|y 12th-20th centuries
|2 eczenas
|
| 650 |
0 |
9 |
|a seafaring
|y 12th-20th centuries
|2 eczenas
|
| 650 |
0 |
9 |
|a maritime transport
|y 12th-20th centuries
|2 eczenas
|
| 650 |
0 |
9 |
|a history of seafaring
|z Czechia
|y 12th-20th centuries
|2 eczenas
|
| 655 |
|
7 |
|a sborníky
|7 fd163935
|2 czenas
|
| 655 |
|
9 |
|a miscellanea
|2 eczenas
|
| 700 |
1 |
|
|a Pažourek, Vlastimil,
|d 1967-
|7 xx0130697
|4 aut
|
| 700 |
1 |
|
|a Pešťák, Michael
|7 pna2017971118
|4 aut
|
| 700 |
1 |
|
|a Košák, Roman
|7 jo20251270648
|4 aut
|
| 700 |
1 |
|
|a Trojan, Boleslav,
|d 1850-1929
|7 jk01140181
|4 aut
|
| 700 |
1 |
|
|a Slavík, Martin
|7 av20231189851
|4 aut
|
| 700 |
1 |
|
|a Stahl, Josef
|4 aut
|
| 700 |
1 |
|
|a Plavec, Michal,
|d 1973-
|7 mzk2002160936
|4 aut
|
| 700 |
1 |
|
|a Holub, Josef,
|d 1885-1964
|7 ola20231192810
|4 aut
|
| 700 |
1 |
|
|a Ostruzska, Tomáš
|4 aut
|
| 700 |
1 |
|
|a Krátká, Lenka,
|d 1969-
|7 pna2014849565
|4 aut
|
| 830 |
|
0 |
|a Lodě v české minulosti (Mare-Czech)
|0 s
|
| 910 |
2 |
|
|a BOA001
|b 2-1509.599
|
| 990 |
|
|
|a BK
|
| 995 |
|
|
|a 01
|
| 991 |
|
|
|b 202306
|c NOV
|
| 996 |
6 |
|
|b 2610942265
|c 2-1509.599
|l MZK
|r Sklad / do 1 hodiny
|n 2
|p p.v.
|w 001930416
|u 000010
|a 1
|e BOA001
|j MZK50
|s P
|